Fr. Conceicao Rodrigues College of Engineering

Fundamentals of Artificial Neural Networks (Record no. 24048)

MARC details
000 -LEADER
fixed length control field 00331nam a2200145Ia 4500
082 ## - DEWEY DECIMAL CLASSIFICATION NUMBER
Classification number 4.65
Item number HAS
100 ## - MAIN ENTRY--PERSONAL NAME
Personal name Hassoun/Mohammed H
245 ## - TITLE STATEMENT
Title Fundamentals of Artificial Neural Networks
260 ## - PUBLICATION, DISTRIBUTION, ETC.
Name of publisher, distributor, etc. Prentice Hall
Place of publication, distribution, etc. Bomaby
Date of publication, distribution, etc. 1998
300 ## - PHYSICAL DESCRIPTION
Extent 511
546 ## - LANGUAGE NOTE
Language note ENGLISH
654 ## - SUBJECT ADDED ENTRY--FACETED TOPICAL TERMS
Focus term Computer
942 ## - ADDED ENTRY ELEMENTS (KOHA)
Koha item type BOOK
Holdings
Withdrawn status Lost status Damaged status Not for loan Collection Home library Current library Date acquired Total Checkouts Full call number Barcode Date last seen Price effective from Koha item type
        CRC Fr. Agnel's C.Rodrigues College of Engineering Fr. Agnel's C.Rodrigues College of Engineering 17/03/2023   4.65 HAS 10519 17/03/2023 17/03/2023 BOOK
        CRC Fr. Agnel's C.Rodrigues College of Engineering Fr. Agnel's C.Rodrigues College of Engineering 17/03/2023   4.65 HAS 10520 17/03/2023 17/03/2023 BOOK